[Event "Lichtenrader Herbst"]
[Site "Berlin"]
[Date "2018.11.01"]
[Round "6.5"]
[White "Spors, Carl Philip"]
[Black "Bruedigam, Martin"]
[Result "1/2-1/2"]
[WhiteElo "1801"]
[BlackElo "2371"]
[PlyCount "72"]
[EventDate "2018.??.??"]
[WhiteTeam "SG Lasker Stegli"]
[BlackTeam "SK König Tegel 1949 e.V."]

1. e4 e5 2. Nf3 Nc6 3. d4 exd4 4. Nxd4 Nf6 5. Nxc6 bxc6 6. e5 Qe7 7. Qe2 Nd5 8.
c4 Nb6 9. Nc3 Qe6 10. Bd2 Ba6 11. b3 Bb7 12. f4 Bb4 13. Qf3 O-O-O 14. a3 c5 15.
Qf2 Bxc3 16. Bxc3 f6 17. O-O-O fxe5 18. Bxe5 Qf7 19. Be2 d6 20. Bc3 Rhe8 21.
Kb2 Re4 22. g3 Rde8 23. Bf3 Re3 24. Bxb7+ Kxb7 25. Rhe1 Rxe1 26. Rxe1 Rxe1 27.
Qxe1 g6 28. Qe4+ c6 29. g4 d5 30. cxd5 cxd5 31. Qf3 Kc6 32. f5 gxf5 33. gxf5
Nd7 34. f6 Kb6 35. b4 Kc6 36. Qg2 cxb4 1/2-1/2

[Event "Lichtenrader Herbst"]
[Site "Berlin"]
[Date "2018.11.01"]
[Round "6.6"]
[White "Kurayan, Ruslan"]
[Black "Kornitzky, Tino"]
[Result "1-0"]
[WhiteElo "2367"]
[BlackElo "2117"]
[PlyCount "47"]
[EventDate "2018.??.??"]
[WhiteTeam "SF Gerresheim 86 e.V."]
[BlackTeam "FC Bayern München e.V."]

1. e4 e5 2. Nf3 Nc6 3. d4 exd4 4. Nxd4 Bc5 5. Be3 Qf6 6. c3 b6 7. Nc2 Bxe3 8.
Nxe3 Nge7 9. Be2 Bb7 10. O-O O-O-O 11. a4 Qg6 12. a5 Qxe4 13. Nd2 Qg6 14. axb6
cxb6 15. b4 f5 16. Bf3 f4 17. Nd5 Nxd5 18. Bxd5 Kb8 19. Nc4 Ne7 20. Bxb7 Kxb7
21. Nd6+ Kb8 22. Qd4 f3 23. g3 Nc6 24. Rxa7 1-0

[Event "Lichtenrader Herbst"]
[Site "Berlin"]
[Date "2018.11.01"]
[Round "6.8"]
[White "Glantz, Robert"]
[Black "Bolk, Matthias"]
[Result "1-0"]
[WhiteElo "2245"]
[BlackElo "2006"]
[PlyCount "83"]
[EventDate "2018.??.??"]
[WhiteTeam "SC Kreuzberg"]
[BlackTeam "SC Kreuzberg e.V."]

1. e4 g6 2. d4 Bg7 3. Nc3 d6 4. h3 a6 5. g4 b5 6. Bg2 Bb7 7. a3 Nd7 8. Nge2 c5
9. Be3 e6 10. O-O Ne7 11. Qd2 cxd4 12. Bxd4 Ne5 13. b3 O-O 14. Kh1 Qc7 15. f4
N5c6 16. Bxg7 Kxg7 17. f5 Ng8 18. Rad1 Rad8 19. Nf4 Qe7 20. Nce2 Ne5 21. Nd4
exf5 22. exf5 Bxg2+ 23. Qxg2 h6 24. fxg6 fxg6 25. Nfe6+ Kh8 26. Nxf8 Rxf8 27.
Nc6 Rxf1+ 28. Rxf1 Nxc6 29. Qxc6 Qe3 30. Qf3 Qd2 31. Qd3 Qxd3 32. cxd3 Kg7 33.
Kg2 Nf6 34. Kf3 Kf7 35. Ke3 Ke6 36. Kd4 g5 37. Rc1 h5 38. Re1+ Kf7 39. gxh5
Nxh5 40. Re3 Nf4 41. h4 Ne6+ 42. Rxe6 1-0

[Event "Lichtenrader Herbst"]
[Site "Berlin"]
[Date "2018.11.01"]
[Round "6.9"]
[White "Brustkern, Juergen"]
[Black "Baum, Jonasz"]
[Result "1/2-1/2"]
[WhiteElo "2176"]
[BlackElo "2273"]
[PlyCount "193"]
[EventDate "2018.??.??"]
[WhiteTeam "SK Zehlendorf e.V."]

1. e4 c5 2. d3 Nc6 3. f4 g6 4. Nf3 Bg7 5. Be2 d6 6. O-O e6 7. Qe1 Nge7 8. c3 b5
9. Na3 b4 10. Nc4 Ba6 11. Bd2 bxc3 12. bxc3 Bxc4 13. dxc4 Rb8 14. Bd3 Qa5 15.
f5 Rb2 16. a4 Rxd2 17. Qxd2 Bxc3 18. Qd1 Bxa1 19. Qxa1 e5 20. Rb1 Nb4 21. Bf1
Nec6 22. Rc1 Qd8 23. Qa3 a5 24. Qe3 Qf6 25. Bd3 Rg8 26. Rf1 g5 27. Nd2 Nd4 28.
Nb1 g4 29. Nc3 Qg5 30. Qxg5 Rxg5 31. Rd1 f6 32. Kf2 Kf7 33. Rd2 Rg8 34. Bf1 h5
35. Nb5 Rd8 36. Kg3 Kg7 37. Kh4 Kh6 38. Nc7 Rc8 39. Ne6 Nbc6 40. Rb2 Nb4 41.
Rd2 Nbc6 42. Rb2 Nxe6 43. fxe6 Kg6 44. Rb7 Re8 45. h3 gxh3 46. gxh3 Nd4 47. Kg3
Nxe6 48. h4 Nf4 49. Rd7 Rb8 50. Rxd6 Rb1 51. Kf2 Ra1 52. Rc6 Ra2+ 53. Kf3 Rxa4
54. Rxc5 Ra1 55. Kf2 a4 56. Ra5 a3 57. c5 Rc1 58. Rxa3 Rxc5 59. Rb3 Rc2+ 60.
Kg3 Rc1 61. Kf2 Rc6 62. Ra3 Rb6 63. Rc3 Rb4 64. Kf3 Ne6 65. Bh3 Nd4+ 66. Kf2
Rb2+ 67. Kf1 Rh2 68. Rg3+ Kh6 69. Bf5 Nxf5 70. exf5 Rxh4 71. Rg6+ Kh7 72. Rxf6
Kg7 73. Rg6+ Kf7 74. Ke2 Rf4 75. Rg5 h4 76. Rh5 Kf6 77. Kd3 Ra4 78. Ke2 Ra2+
79. Kf1 Rh2 80. Kg1 Rh3 81. Kg2 Rg3+ 82. Kf2 Rg4 83. Kf3 Rb4 84. Kf2 Rc4 85.
Ke2 Rc2+ 86. Kf1 Rc4 87. Ke2 Rb4 88. Kf2 e4 89. Ke3 Ke5 90. f6+ Kxf6 91. Rxh4
Rb3+ 92. Kf4 e3 93. Kf3 Kf5 94. Rf4+ Ke5 95. Re4+ Kd5 96. Rxe3 Rxe3+ 97. Kxe3
1/2-1/2

[Event "Lichtenrader Herbst"]
[Site "Berlin"]
[Date "2018.11.01"]
[Round "6.10"]
[White "Biriukov, Nikolai"]
[Black "Krefenstein, Sergej"]
[Result "1-0"]
[WhiteElo "2357"]
[BlackElo "2077"]
[PlyCount "79"]
[EventDate "2018.??.??"]
[WhiteTeam "Bahn-SC Wuppertal"]
[BlackTeam "TuS Makkabi Berlin e.V."]

1. d4 d5 2. c4 c6 3. Nc3 Nf6 4. e3 Bg4 5. f3 Bf5 6. cxd5 Nxd5 7. e4 Nxc3 8.
bxc3 Bg6 9. Rb1 b6 10. Bd3 e6 11. f4 Bd6 12. Nh3 f6 13. O-O O-O 14. Qb3 Kh8 15.
Rb2 Qe7 16. Re2 Nd7 17. f5 Bf7 18. fxe6 Bxe6 19. Qc2 Bg8 20. Nf4 Rfe8 21. Rf3
Bxf4 22. Bxf4 c5 23. Ba6 Nf8 24. e5 Ng6 25. Bb5 Rf8 26. exf6 Qxf6 27. Be5 Qg5
28. Rg3 Qh5 29. Bd3 Nxe5 30. dxe5 Be6 31. h3 Qh4 32. Rge3 Rad8 33. Re4 Qh5 34.
Bc4 Bf5 35. e6 Bxe4 36. Qxe4 Rfe8 37. e7 Rd1+ 38. Kh2 Rd7 39. Rf2 g6 40. Rf8+
1-0

[Event "Lichtenrader Herbst"]
[Site "Berlin"]
[Date "2018.11.01"]
[Round "6.11"]
[White "Pueschel, Werner"]
[Black "Haugli, Petter"]
[Result "1/2-1/2"]
[WhiteElo "2027"]
[BlackElo "2238"]
[PlyCount "118"]
[EventDate "2018.??.??"]
[WhiteTeam "SG Lasker Stegli"]
[BlackTeam "Moss Schakklub"]

1. a3 Nf6 2. Nf3 g6 3. g3 Bg7 4. Bg2 O-O 5. O-O d5 6. d4 c6 7. Nbd2 Bf5 8. Nh4
Be6 9. c3 a5 10. Re1 a4 11. e4 dxe4 12. Nxe4 Nxe4 13. Bxe4 Bb3 14. Qe2 Nd7 15.
Bg2 e5 16. Nf3 Re8 17. Bg5 Qa5 18. h4 h6 19. Be3 exd4 20. Nxd4 Bxd4 21. cxd4
Nf6 22. Qd3 Qh5 23. Bd2 Kh7 24. Rxe8 Rxe8 25. Re1 Rxe1+ 26. Bxe1 Bd5 27. f3 Bb3
28. g4 Qd5 29. h5 Qe6 30. hxg6+ fxg6 31. Bd2 Kg7 32. g5 hxg5 33. Bxg5 Bd5 34.
Qe3 Qxe3+ 35. Bxe3 Nh5 36. Kf2 Kf6 37. Bh3 Be6 38. Bf1 Ke7 39. Bd3 Bf5 40. Bc4
Be6 41. Bd3 Bf5 42. Bc4 Bb1 43. Bg5+ Kd6 44. Bh6 b5 45. Bf8+ Kd7 46. Bf7 Bf5
47. Ba2 Nf4 48. b4 Nd3+ 49. Kg3 Nc1 50. Bf7 Ne2+ 51. Kf2 Nxd4 52. Bg7 Ne6 53.
Be5 Bb1 54. Ke3 Nd8 55. Bg8 Ke7 56. Bc7 Ne6 57. Bxe6 Kxe6 58. Kd4 Ba2 59. f4
Kf5 1/2-1/2

[Event "Lichtenrader Herbst"]
[Site "Berlin"]
[Date "2018.11.01"]
[Round "6.12"]
[White "Fartmann, Oliver"]
[Black "Polatel, Ali"]
[Result "0-1"]
[WhiteElo "2030"]
[BlackElo "2210"]
[PlyCount "72"]
[EventDate "2018.??.??"]
[WhiteTeam "SV Mattnetz Berlin e.V."]
[BlackTeam "SC Zugzwang 95 e.V."]

1. d4 g6 2. e4 Bg7 3. f4 d6 4. Nf3 Nf6 5. Bd3 O-O 6. O-O Na6 7. c3 c5 8. Qb3
cxd4 9. cxd4 e5 10. fxe5 dxe5 11. Bg5 h6 12. Bxf6 Bxf6 13. Bxa6 bxa6 14. dxe5
Bxe5 15. Nxe5 Qd4+ 16. Rf2 Qxe5 17. Nc3 Be6 18. Qa4 a5 19. Rd1 Rad8 20. Rfd2
Rxd2 21. Rxd2 Rb8 22. Qd4 Qxd4+ 23. Rxd4 Rxb2 24. Ra4 Rc2 25. Nb5 a6 26. Na3
Rxa2 27. Rxa5 Bc8 28. Nc4 Rxa5 29. Nxa5 Kf8 30. Kf2 Ke7 31. Ke3 Kd6 32. Kd4 Kc7
33. e5 Kb6 34. Nc4+ Kc6 35. g3 Be6 36. Nd6 a5 0-1

[Event "Lichtenrader Herbst"]
[Site "Berlin"]
[Date "2018.11.01"]
[Round "6.14"]
[White "Jesse, Timo"]
[Black "Noetzel, Felix"]
[Result "1/2-1/2"]
[WhiteElo "1998"]
[BlackElo "2183"]
[PlyCount "45"]
[EventDate "2018.??.??"]
[WhiteTeam "ESV 1949 Eberswalde e.V."]
[BlackTeam "SF Berlin 1903 e.V."]

1. e4 d5 2. exd5 Qxd5 3. Nc3 Qa5 4. d4 c6 5. Bc4 Bf5 6. Nf3 Nf6 7. Bd2 e6 8.
Nd5 Qd8 9. Nxf6+ Qxf6 10. Qe2 Bg4 11. d5 Bxf3 12. gxf3 cxd5 13. Bxd5 Nd7 14.
O-O-O O-O-O 15. Bxb7+ Kxb7 16. Qe4+ Kc7 17. Bf4+ e5 18. Rxd7+ Kxd7 19. Rd1+ Ke6
20. Qc4+ Kf5 21. Qe4+ Ke6 22. Qc4+ Kf5 23. Qe4+ 1/2-1/2

[Event "Lichtenrader Herbst"]
[Site "Berlin"]
[Date "2018.11.01"]
[Round "6.15"]
[White "Bekasovs, Rihards"]
[Black "Boettcher, Patrick"]
[Result "1/2-1/2"]
[WhiteElo "2182"]
[BlackElo "2015"]
[PlyCount "79"]
[EventDate "2018.??.??"]
[WhiteTeam "Riga Chess School"]
[BlackTeam "SC Zitadelle Spandau 1977 e.V."]

1. Nf3 c5 2. b3 d6 3. d4 cxd4 4. Nxd4 e5 5. Nf3 Nc6 6. e3 Be6 7. Bb2 f5 8. Be2
Be7 9. c4 Nf6 10. Nc3 h6 11. O-O O-O 12. Qd2 Ne4 13. Qc2 Nxc3 14. Bxc3 Qc7 15.
Rfd1 Rad8 16. Qb2 Kh7 17. c5 dxc5 18. Nxe5 Bf6 19. Nxc6 Rxd1+ 20. Rxd1 Bxc3 21.
Qxc3 Qxc6 22. Qe5 Re8 23. Bf3 Qc8 24. Qd6 b6 25. Bc6 Rf8 26. Bd7 Bxd7 27. Qxd7
c4 28. bxc4 Qxc4 29. Qxa7 Qc2 30. Rf1 b5 31. Qb7 Qc4 32. g3 Rd8 33. a3 Qb3 34.
Kg2 Rd2 35. Qc8 Qd5+ 36. Kg1 Ra2 37. Qf8 Qd3 38. Qb4 Rxa3 39. Rb1 Rc3 40. Kg2
1/2-1/2

[Event "Lichtenrader Herbst"]
[Site "Berlin"]
[Date "2018.11.01"]
[Round "6.16"]
[White "Schnabel, Ralf"]
[Black "Noeldner, Julian"]
[Result "1-0"]
[WhiteElo "2160"]
[BlackElo "1991"]
[PlyCount "67"]
[EventDate "2018.??.??"]
[WhiteTeam "ESV Nickelhütte Aue"]
[BlackTeam "SF Nordost Berlin"]

1. e4 c6 2. Nc3 d5 3. Qe2 d4 4. Nd1 e5 5. g3 Bd6 6. d3 Be6 7. f4 f6 8. Nf3 c5
9. fxe5 fxe5 10. Nxe5 Nf6 11. Nf3 Bg4 12. Bg2 O-O 13. O-O Nc6 14. Nf2 Bh5 15.
Nh3 Qd7 16. c3 Rae8 17. Nf4 Bg4 18. Qc2 c4 19. Nxd4 Bc5 20. Be3 g5 21. Nd5 Nxd5
22. Rxf8+ Kxf8 23. exd5 Rxe3 24. Qf2+ Rf3 25. Bxf3 Nxd4 26. Bxg4+ Nf3+ 27. Kg2
Qxg4 28. Qxf3+ Qxf3+ 29. Kxf3 cxd3 30. Ke4 Ke7 31. Kxd3 b5 32. b3 Kd6 33. c4
bxc4+ 34. bxc4 1-0

[Event "Lichtenrader Herbst"]
[Site "Berlin"]
[Date "2018.11.01"]
[Round "6.17"]
[White "Wiegand, Christian"]
[Black "Juhnke, Juergen"]
[Result "1/2-1/2"]
[WhiteElo "1866"]
[BlackElo "2153"]
[PlyCount "73"]
[EventDate "2018.??.??"]
[WhiteTeam "SK Duderstadt"]
[BlackTeam "HSK Lister Turm"]

1. e4 c5 2. Nf3 d6 3. Bb5+ Nc6 4. O-O Bd7 5. Re1 Nf6 6. c3 a6 7. Bf1 Bg4 8. h3
Bxf3 9. Qxf3 e6 10. d3 Be7 11. Nd2 O-O 12. Qd1 Rc8 13. Nf3 d5 14. exd5 Nxd5 15.
d4 cxd4 16. Nxd4 Nxd4 17. Qxd4 Bf6 18. Qa4 Qd6 19. Be3 b5 20. Qd1 Rfd8 21. Qe2
Nxe3 22. Qxe3 b4 23. Qe2 bxc3 24. bxc3 Bxc3 25. Rad1 Qa3 26. Rxd8+ Rxd8 27. Rd1
Rxd1 28. Qxd1 a5 29. Qd8+ Qf8 30. Qxf8+ Kxf8 31. a4 Ke7 32. Bd3 Kf6 33. g4 Kg5
34. Kg2 h5 35. Be2 hxg4 36. hxg4 Kf4 37. f3 1/2-1/2

[Event "Lichtenrader Herbst"]
[Site "Berlin"]
[Date "2018.11.01"]
[Round "6.18"]
[White "Lachmann, Utz"]
[Black "Hahlbohm, Matthias"]
[Result "1-0"]
[WhiteElo "2100"]
[BlackElo "1982"]
[PlyCount "85"]
[EventDate "2018.??.??"]
[WhiteTeam "SF Berlin 1903 e.V."]
[BlackTeam "TSG Oberschöneweide e.V."]

1. e4 c5 2. Nf3 d6 3. Bb5+ Bd7 4. Bxd7+ Nxd7 5. O-O Ngf6 6. Re1 g6 7. c3 Ne5 8.
d4 Nxf3+ 9. Qxf3 e5 10. Bg5 Bg7 11. dxe5 dxe5 12. Na3 h6 13. Rad1 Qe7 14. Bxf6
Bxf6 15. Nc4 O-O 16. Qh3 Rfd8 17. Qxh6 Rxd1 18. Rxd1 Bg5 19. Qh3 Rd8 20. Rxd8+
Qxd8 21. Qf3 f6 22. g3 b5 23. Na3 a6 24. Qe2 c4 25. Kf1 Qd7 26. Nc2 Kg7 27. Nb4
Qd6 28. Nd5 f5 29. h4 Bc1 30. b3 cxb3 31. axb3 a5 32. c4 a4 33. bxa4 bxa4 34.
exf5 a3 35. f6+ Kf7 36. h5 Bg5 37. hxg6+ Kxg6 38. Qe4+ Kh6 39. Qh1+ Kg6 40.
Qe4+ Kh6 41. Ne7 Qd1+ 42. Kg2 Kh5 43. Qh7+ 1-0

[Event "Lichtenrader Herbst"]
[Site "Berlin"]
[Date "2018.11.01"]
[Round "6.19"]
[White "Schmidt, Juergen"]
[Black "Roehr, Tobias"]
[Result "0-1"]
[WhiteElo "1814"]
[BlackElo "2097"]
[PlyCount "102"]
[EventDate "2018.??.??"]
[WhiteTeam "SC Kreuzberg e.V."]
[BlackTeam "SG Aufbau Elbe Magdeburg"]

1. e4 c5 2. Nf3 e6 3. d4 cxd4 4. Nxd4 Nc6 5. Nc3 Qc7 6. Be3 a6 7. Bd3 Nf6 8.
O-O b5 9. Nxc6 Qxc6 10. Bd4 Bc5 11. Bxc5 Qxc5 12. Re1 d6 13. e5 dxe5 14. Qf3 e4
15. Nxe4 Nxe4 16. Qxe4 Ra7 17. Re3 Rd7 18. Rg3 g6 19. Qh4 O-O 20. Qf6 Qd4 21.
Qxd4 Rxd4 22. Re3 Bb7 23. h3 Bd5 24. a4 Rxa4 25. Rxa4 bxa4 26. Bxa6 Rb8 27. c4
Bc6 28. Re2 Rb6 29. Bb5 Bxb5 30. cxb5 Rxb5 31. Re4 Ra5 32. Rb4 Kg7 33. Kf1 e5
34. Ke2 f5 35. Rb6 Kh6 36. Ke3 Kg5 37. Rb4 e4 38. Ke2 h5 39. f3 Kf4 40. fxe4
fxe4 41. Kf2 h4 42. Rb6 g5 43. Rf6+ Rf5 44. Ra6 Rd5 45. Rf6+ Ke5 46. Rf8 Rd2+
47. Ke3 Rxb2 48. Re8+ Kf5 49. Rf8+ Ke5 50. Re8+ Kd5 51. Rd8+ Kc4 0-1

[Event "Lichtenrader Herbst"]
[Site "Berlin"]
[Date "2018.11.01"]
[Round "6.21"]
[White "Llopis de Aysa, Manuel"]
[Black "Zhou, Lepu Coco"]
[Result "1-0"]
[WhiteElo "2092"]
[BlackElo "1665"]
[PlyCount "91"]
[EventDate "2018.??.??"]
[WhiteTeam "C.E. Montcada"]
[BlackTeam "Schachpinguine Berlin e.V."]

1. d4 Nf6 2. Nf3 g6 3. c4 Bg7 4. Nc3 O-O 5. e4 d6 6. Be2 e5 7. d5 Nbd7 8. Bg5
h6 9. Bh4 a5 10. Nd2 c6 11. O-O Qb6 12. Rb1 Ne8 13. Be7 f5 14. Bxf8 Nxf8 15. a3
f4 16. Bg4 Bxg4 17. Qxg4 Nf6 18. Qe2 g5 19. b4 Qd4 20. Nb3 Qa7 21. Nxa5 cxd5
22. Nxd5 Nxd5 23. cxd5 Ng6 24. Rfc1 b6 25. Nc4 Nh4 26. g3 f3 27. Qe3 Qd7 28.
Kh1 Qg4 29. Rg1 Ng6 30. Nd2 Rf8 31. Rb3 Qh3 32. Nxf3 g4 33. Nd2 Nh8 34. f3 Nf7
35. fxg4 Qxg4 36. Re1 h5 37. Qf3 Qg5 38. Qg2 Bh6 39. Nf3 Qg6 40. Nh4 Qg5 41.
Rf3 Bg7 42. Qh3 Nd8 43. Rxf8+ Bxf8 44. Qf5 Be7 45. Ng6 Qxf5 46. Nxe7+ 1-0

[Event "Lichtenrader Herbst"]
[Site "Berlin"]
[Date "2018.11.01"]
[Round "6.22"]
[White "Hesse, Henrik"]
[Black "Woerz, Markus"]
[Result "1/2-1/2"]
[WhiteElo "2216"]
[BlackElo "1908"]
[PlyCount "141"]
[EventDate "2018.??.??"]
[WhiteTeam "SV Mattnetz Berlin e.V."]
[BlackTeam "SC Kreuzberg e.V."]

1. c4 c5 2. Nf3 Nf6 3. d4 cxd4 4. Nxd4 b6 5. Nc3 Bb7 6. f3 d6 7. e4 a6 8. Be3
e6 9. Be2 Be7 10. O-O O-O 11. Qe1 Nbd7 12. Qf2 Qc7 13. Rac1 Rac8 14. Rfd1 Qb8
15. Nc2 Bd8 16. Na4 Bc6 17. Nc3 Bb7 18. Ne1 Bc7 19. g3 Qa8 20. Na4 Nc5 21. Nxc5
dxc5 22. Bg5 Be5 23. Nc2 a5 24. Qe3 Rcd8 25. Qb3 Rxd1+ 26. Rxd1 Bc7 27. Bxf6
gxf6 28. Ne3 Rd8 29. Ng4 Rxd1+ 30. Qxd1 Qd8 31. Qxd8+ Bxd8 32. Kf2 Kf8 33. Ke3
Ke7 34. f4 Kd7 35. Bf3 Ba6 36. b3 a4 37. e5 f5 38. Nf6+ Bxf6 39. exf6 axb3 40.
axb3 b5 41. cxb5 Bxb5 42. Bh5 Ke8 43. Kd2 Bc6 44. Kc3 Bb5 45. Kb2 Bd3 46. Bd1
Bb5 47. Kc3 Kd7 48. Bh5 Ke8 49. h3 Bf1 50. Bd1 Kd7 51. h4 e5 52. fxe5 Ke6 53.
Bh5 Kxe5 54. Bxf7 Kxf6 55. Bc4 Bg2 56. Bg8 Kg7 57. Bc4 Kf6 58. Kd2 Ke5 59. Ke3
h6 60. Be2 Bd5 61. Bc4 Bxc4 62. bxc4 h5 63. Kf3 Kd4 64. Kf4 Kxc4 65. Kxf5 Kd5
66. g4 hxg4 67. Kxg4 c4 68. h5 c3 69. h6 c2 70. h7 c1=Q 71. h8=Q 1/2-1/2

[Event "Lichtenrader Herbst"]
[Site "Berlin"]
[Date "2018.11.01"]
[Round "6.23"]
[White "Moewisch, Dave"]
[Black "Wierzbicki, Jirawat"]
[Result "0-1"]
[WhiteElo "1872"]
[BlackElo "2134"]
[PlyCount "44"]
[EventDate "2018.??.??"]
[WhiteTeam "SV Briesen e.V."]
[BlackTeam "SK König Tegel 1949 e.V."]

1. e4 e5 2. Nf3 Nc6 3. Bc4 Bc5 4. c3 Nf6 5. d3 d6 6. h3 O-O 7. b4 Bb6 8. a4 a5
9. b5 Nb8 10. O-O h6 11. Bb3 Nbd7 12. Re1 Re8 13. Nbd2 Nc5 14. Bc2 d5 15. d4
exd4 16. cxd4 Ncxe4 17. Bb2 Bf5 18. Ne5 Rxe5 19. dxe5 Bxf2+ 20. Kf1 Bxe1 21.
exf6 Bxd2 22. fxg7 Qg5 0-1

[Event "Lichtenrader Herbst"]
[Site "Berlin"]
[Date "2018.11.01"]
[Round "6.24"]
[White "Bornschein, Burkhard"]
[Black "Niehaus, Frank"]
[Result "0-1"]
[WhiteElo "1900"]
[BlackElo "2128"]
[PlyCount "76"]
[EventDate "2018.??.??"]
[WhiteTeam "BSC Rehberge 1945 e.V."]
[BlackTeam "SK König Tegel 1949 e.V."]

1. d4 Nf6 2. Nf3 g6 3. c4 Bg7 4. Nc3 d6 5. e4 O-O 6. h3 e5 7. d5 Nh5 8. g3 f5
9. exf5 gxf5 10. Nh2 Nf6 11. Bg5 Qe8 12. Qd2 Na6 13. O-O-O Nc5 14. Bg2 a6 15.
Bh6 b5 16. Bxg7 Kxg7 17. b4 Nce4 18. Nxe4 Nxe4 19. Bxe4 fxe4 20. Ng4 Qg6 21. c5
Rf3 22. Ne3 a5 23. a3 axb4 24. axb4 Qf7 25. Rh2 Ra4 26. Qb2 Kg8 27. c6 Bf5 28.
g4 Bg6 29. h4 Qf4 30. Rg2 Rxe3 31. fxe3 Qxe3+ 32. Rgd2 Qf4 33. h5 e3 34. hxg6
exd2+ 35. Rxd2 hxg6 36. Qc2 Kg7 37. g5 Rxb4 38. Kd1 Qf1# 0-1

[Event "Lichtenrader Herbst"]
[Site "Berlin"]
[Date "2018.11.01"]
[Round "6.25"]
[White "Kather, Yannick"]
[Black "Arnold, Leander"]
[Result "1-0"]
[WhiteElo "2120"]
[BlackElo "1842"]
[PlyCount "145"]
[EventDate "2018.??.??"]
[WhiteTeam "SC Weisse Dame e.V."]
[BlackTeam "SC Borussia Lichtenberg"]

1. e4 e6 2. d4 d5 3. Nc3 Bb4 4. exd5 exd5 5. Bd3 Nc6 6. a3 Bxc3+ 7. bxc3 Nge7
8. Qf3 Be6 9. Nh3 Qd7 10. Ng5 O-O-O 11. O-O Bg4 12. Qg3 Bh5 13. Nf3 f6 14. Nd2
Na5 15. Rb1 Bg6 16. Nb3 Nxb3 17. cxb3 Bxd3 18. Qxd3 Qf5 19. Rd1 Qxd3 20. Rxd3
Nf5 21. g4 Nd6 22. Bf4 Rhe8 23. f3 Re6 24. Kf2 Kd7 25. a4 Rde8 26. Re3 Rxe3 27.
Bxe3 b6 28. Ke2 Nb7 29. Kd3 Na5 30. h4 g6 31. Bd2 c6 32. c4 Nb7 33. Rh1 Nd6 34.
Bb4 f5 35. h5 f4 36. hxg6 hxg6 37. Rh7+ Re7 38. Rxe7+ Kxe7 39. c5 bxc5 40. Bxc5
a6 41. Kc3 Kd7 42. Bxd6 Kxd6 43. Kb4 a5+ 44. Kxa5 c5 45. dxc5+ Kxc5 46. b4+ Kc4
47. b5 d4 48. b6 d3 49. b7 d2 50. b8=Q d1=Q 51. Qxf4+ Kb3 52. Qb4+ Ka2 53. Qe4
g5 54. Kb5 Ka1 55. Kc5 Qc2+ 56. Kd5 Qb3+ 57. Ke5 Qf7 58. a5 Qe7+ 59. Kf5 Qf7+
60. Kxg5 Qg8+ 61. Qg6 Qd5+ 62. Qf5 Qg8+ 63. Kh4 Qh8+ 64. Kg3 Qc3 65. g5 Qc7+
66. Kg4 Qc4+ 67. Kh5 Qc1 68. f4 Qh1+ 69. Kg6 Qc1 70. Qf6+ Ka2 71. a6 Qc2+ 72.
f5 Qa4 73. a7 1-0

[Event "Lichtenrader Herbst"]
[Site "Berlin"]
[Date "2018.11.01"]
[Round "6.26"]
[White "Schumann, Rabea"]
[Black "Federau, Juergen"]
[Result "1/2-1/2"]
[WhiteElo "1863"]
[BlackElo "2087"]
[PlyCount "102"]
[EventDate "2018.??.??"]
[WhiteTeam "SG Güstrow/Teterow"]
[BlackTeam "SC Kreuzberg e.V."]

1. c4 e5 2. g3 g6 3. Bg2 Bg7 4. Nc3 f5 5. e3 Nf6 6. Nge2 O-O 7. O-O d6 8. d3 c6
9. Rb1 Be6 10. f4 Nbd7 11. b4 Qc7 12. b5 Rfe8 13. bxc6 bxc6 14. Qa4 Rac8 15.
Ba3 Ng4 16. Nd1 Nb6 17. Qa6 e4 18. c5 dxc5 19. Bxc5 exd3 20. Bxb6 axb6 21. Nd4
Bxd4 22. exd4 b5 23. Rc1 Bc4 24. Rxc4 bxc4 25. Qxc4+ Kg7 26. Qxd3 Qd6 27. h3
Nf6 28. Nc3 Re7 29. a4 Qe6 30. Kh2 Qe3 31. Qa6 Rd8 32. Qxc6 Rxd4 33. a5 Re6 34.
Qb7+ Rd7 35. Qc8 Ree7 36. Nb5 Qd3 37. Qc6 Ne4 38. Rf3 Qd5 39. Rc3 Qxc6 40. Rxc6
Rb7 41. Nd4 Rb4 42. Ne6+ Kf7 43. Nc7 Rb7 44. Nd5 Re6 45. Rxe6 Kxe6 46. Nc3 Ra7
47. Bxe4 fxe4 48. Nxe4 Rxa5 49. Ng5+ Kf5 50. Nxh7 Ra2+ 51. Kg1 Ra1+ 1/2-1/2

[Event "Lichtenrader Herbst"]
[Site "Berlin"]
[Date "2018.11.01"]
[Round "6.27"]
[White "Landt, Stefan"]
[Black "Schnabel, Bennett"]
[Result "0-1"]
[WhiteElo "1857"]
[BlackElo "2081"]
[PlyCount "78"]
[EventDate "2018.??.??"]
[WhiteTeam "SV Berolina Mitte e.V."]
[BlackTeam "SV Mattnetz Berlin e.V."]

1. d4 f5 2. Nf3 Nf6 3. c4 g6 4. g3 Bg7 5. Bg2 d6 6. O-O O-O 7. Nc3 c6 8. b4 e5
9. dxe5 dxe5 10. Qb3 Qe7 11. Rd1 e4 12. Nd4 Be6 13. Nxe6 Qxe6 14. Rd6 Qf7 15.
e3 Nbd7 16. Bb2 Ne5 17. Bf1 g5 18. c5 Qxb3 19. axb3 Nd5 20. Nxd5 Nf3+ 21. Kg2
Bxb2 22. Ra2 Be5 23. Ne7+ Kf7 24. Rd7 Ke8 25. Rxb7 Rf7 26. b5 Rxe7 27. bxc6
Ne1+ 28. Kg1 Nd3 29. Bxd3 exd3 30. Rd2 Rd8 31. b4 Bc3 32. Rd1 d2 33. b5 Rxb7
34. cxb7 Kd7 35. Kf1 Kc7 36. c6 Rd5 37. Ke2 Rxb5 38. Kd3 Ba5 39. Kc4 Kxc6 0-1

[Event "Lichtenrader Herbst"]
[Site "Berlin"]
[Date "2018.11.01"]
[Round "6.29"]
[White "Lopez Gomez, Jose Pablo"]
[Black "Arndt, Uwe"]
[Result "1-0"]
[WhiteElo "2026"]
[BlackElo "1902"]
[PlyCount "113"]
[EventDate "2018.??.??"]
[WhiteTeam "Potsdamer SV Mitte"]
[BlackTeam "BSV 63 Chemie Weißensee"]

1. e4 c6 2. d4 d5 3. e5 c5 4. Nf3 Bg4 5. dxc5 Nc6 6. c3 e6 7. b4 Bxf3 8. Qxf3
Nxe5 9. Bb5+ Nc6 10. O-O g6 11. Rd1 Bg7 12. Nd2 Qf6 13. Bb2 Nge7 14. Rab1 Qxf3
15. Nxf3 O-O 16. Nd4 Bxd4 17. cxd4 Nxb4 18. Bc3 Nbc6 19. Bxc6 bxc6 20. Rb7 Nf5
21. Rdb1 Rfe8 22. f4 h5 23. Kf2 Re7 24. a4 a5 25. Rb8+ Rxb8 26. Rxb8+ Kg7 27.
Ke2 Ra7 28. Kd3 Kf6 29. Be1 Ke7 30. h3 Kd7 31. g3 Ne7 32. g4 hxg4 33. hxg4 Nc8
34. Ke3 Kc7 35. Rb2 Ra8 36. Bh4 Ra7 37. Bf6 Kd7 38. Rb8 Kc7 39. Be5+ Kd7 40.
Kf3 f5 41. Rb2 Ne7 42. g5 Ke8 43. Bb8 Rd7 44. Rb6 Kd8 45. Be5 Ra7 46. Bf6 Kd7
47. Rb2 Ng8 48. Rh2 Nxf6 49. gxf6 Ra6 50. Rh7+ Ke8 51. Kg3 Kf8 52. Kh4 Kg8 53.
Rg7+ Kf8 54. Kg5 Ra8 55. Kxg6 Rb8 56. Rh7 Kg8 57. f7+ 1-0

[Event "Lichtenrader Herbst"]
[Site "Berlin"]
[Date "2018.11.01"]
[Round "6.30"]
[White "Thesing, Ansgar"]
[Black "Sulayev, Daniel"]
[Result "0-1"]
[WhiteElo "1846"]
[BlackElo "2041"]
[PlyCount "64"]
[EventDate "2018.??.??"]
[WhiteTeam "SC Kreuzberg e.V."]
[BlackTeam "SV Empor Berlin e.V."]

1. e4 d6 2. Nc3 g6 3. g3 Bg7 4. Bg2 c5 5. d3 Nc6 6. Be3 Rb8 7. Qd2 b5 8. Nge2
b4 9. Nd1 Qb6 10. O-O a5 11. c3 e5 12. h3 h5 13. f4 Nge7 14. f5 gxf5 15. Bg5 f6
16. Be3 fxe4 17. dxe4 Nd8 18. cxb4 axb4 19. a3 Nf7 20. axb4 Qxb4 21. Nec3 Be6
22. Qf2 Qb7 23. Bf3 Bxh3 24. Re1 Be6 25. Qh2 h4 26. gxh4 Bh6 27. Be2 Rg8+ 28.
Kf1 f5 29. Bxh6 Nxh6 30. Ba6 Qd7 31. Qe2 f4 32. Bb5 Bh3+ 0-1

[Event "Lichtenrader Herbst"]
[Site "Berlin, Germany"]
[Date "2018.11.02"]
[Round "7.2"]
[White "Rakotomaharo, Fy Antenaina"]
[Black "Tomov, Georgi"]
[Result "1-0"]
[WhiteElo "2422"]
[BlackElo "2330"]
[PlyCount "91"]
[EventDate "2018.??.??"]

1. e4 c6 2. d4 d5 3. e5 Bf5 4. Nf3 e6 5. Be2 c5 6. Be3 cxd4 7. Nxd4 Ne7 8. Nd2
Nbc6 9. N2f3 Be4 10. O-O Bxf3 11. Nxf3 g6 12. Qd2 Bg7 13. Bh6 O-O 14. Bxg7 Kxg7
15. Rfe1 Nf5 16. a4 Qe7 17. Ra3 Qb4 18. Qxb4 Nxb4 19. g4 Nxc2 20. gxf5 gxf5 21.
Rb3 Nxe1 22. Nxe1 Rab8 23. Kg2 Rfc8 24. Nd3 Rc2 25. Nf4 Kf8 26. a5 Ke7 27. a6
Rg8+ 28. Kf3 b6 29. Bd3 Rc1 30. Ne2 Rc5 31. Ke3 f6 32. f4 fxe5 33. fxe5 Rg2 34.
Nd4 Rxh2 35. Nb5 Rh3+ 36. Kd2 Rh2+ 37. Be2 Kd7 38. Nxa7 d4 39. Nb5 Rxe5 40.
Nxd4 Ra5 41. Rxb6 h5 42. Kc3 h4 43. Bb5+ Kc7 44. Rc6+ Kb8 45. Rxe6 Ra1 46. Re7
1-0